000 00306 a2200109 4500
001 ART_28286
005 20260410161928.0
008 260409a
245 1 0 _aSentimientos y derecho
100 1 _aRoekel, Eva van
773 0 _tDerechos humanos
_g- Año III, Nº 6/A (ene. 2015)
_wREV22278
999 _c28325
_d28325